000 00522nam a2200181Ia 4500
005 20250326124121.0
008 250326s9999 xx 000 0 und d
037 _aTextbook
040 _aFMSL
_beng
_cFMSL
041 _aeng
_2eng
084 _aX:3 K1
_qFMSL
100 _aFellner W
_9229944
245 0 _aReadings in the theory of income distribution
_cFellner W; Haley B F
260 _aLondon
_bLondon, George Allen and Unwin
_c1961
300 _a718p
942 _cTB
_hX:3 K1
999 _c1272365
_d1272365